00000000nam##2200000za#4500
0019.618659
003CaOODSP
00520210615102957
007ta
008150406|2007||||xxc|||||     f|0| 0 eng|d
022 |a0706-6457
040 |aCaOODSP|beng
043 |an-cn---
0861 |aFs97-6/2775E
1101 |aCanada. |bDepartment of Fisheries and Oceans.
24513|aAn evaluation of the survival of captive-reared Atlantic salmon (salmo salar) eggs in incubation baskets in two inner Bay of Fundy Rivers / |cby J.J. Flanagan ... [et al.]
260 |aMoncton - New Brunswick : |bFisheries and Oceans Canada |c2008.
300 |aviii, 27p. : |bgraphs, illus., map, tables ; |c28 cm.
4901 |aCanadian technical report of fisheries and aquatic sciences|x0706-6457|v2775
5203 |aThis report is part of a series containing scientific and technical information that widens existing scientific knowledge but is not considered appropriate for publication in the primary literature. The research covers such subjects as ecosystem models, methods for enhancing aquaculture, commercial fishing equipment, and environmental threats to aquatic quality and fisheries resources. Includes tables, graphs, and charts.
546 |a(Résumé en français.)
563 |aSoftcover
590 |a08-05|b2008-02-01
69007|aNorthern Canada|2gcpds
69007|aRivers|2gcpds
69007|aSalt water fish|2gcpds
7201 |aFlanagan, J. J.
7760#|tAn evaluation of the survival of captive-reared Atlantic salmon (Salmo salar) eggs in incubation baskets in two inner Bay of Fundy rivers / |w(CaOODSP)9.574382
830#0|aCanadian technical report of fisheries and aquatic sciences,|x0706-6457|v2775|w(CaOODSP)9.514691